Rozdávaj lásku

Bibliographic Details
Main Author: Šolcová, Monika (Author)
Other Authors: Bubánová, Terézia (Illustrator)
Format: Book
Language:Slovak
PhysicalDescription:51 strán ilustrácie 19 cm
Published: Lorinčík Kláštor bosých karmelitánov 2014
Subjects:

MARC

LEADER 00000cam a2200000 4500
001 vtls012134448
003 SK-MaSNL
005 20260301191710.0
008 220511s2014 xo a g 000 p slo
015 |a SNBA2014 
020 |q (brožované) 
040 |a SNK  |b slo  |c SNK  |e rda 
041 0 |a slo 
044 |a xo  |c SK 
072 7 |a 821.162.4-1  |x Slovenská poézia  |2 konspekt 
080 |a 821.162.4-1  |2 2011 
100 1 |a Šolcová, Monika  |4 aut  |9 568674 
245 1 0 |a Rozdávaj lásku  |c Monika Šolcová ; ilustrovala Terézia Bubánová 
264 1 |a Lorinčík  |b Kláštor bosých karmelitánov  |c 2014 
300 |a 51 strán  |b ilustrácie  |c 19 cm 
336 |a text  |b txt  |2 rdacontent 
337 |a bez média  |b n  |2 rdamedia 
338 |a zväzok  |b nc  |2 rdacarrier 
655 7 |a slovenská poézia  |2 SNKPH  |9 70444 
655 7 |a Slovak poetry  |2 SNKPHeng  |9 265010 
700 1 0 |a Bubánová, Terézia  |4 ill  |9 568675 
852 |a Slovenská národná knižnica 
954 |a beletria pôvodná (slovenská)  |2 lita 
958 |a LX 
999 |c 871913  |d 873843 
952 |a SNK  |b SNK  |y PREZ  |7 0  |p 17A1480553  |o snkSD 90782  |i snk2022/7402  |8 1  |0 0  |1 0  |4 0  |d 2022-05-11  |l 0  |r 2026-02-24 05:46:06  |w 2026-02-24